000 00457nam a22001457a 4500
999 _c533523
_d533523
008 260602b ||||| |||| 00| 0 eng d
100 _aNair, Govindan
_960927
245 _aTravelling in the wild
260 _aThe Book Review
300 _a49(4), Apr, 2025: p.41-42
520 _aNo half measures by Jennifer Nandi, National Press, 2024, 260. Pp. Rs.799.00. – Reproduced
773 _aThe Book Review
906 _aBOOK REVIEW
942 _cAR